Management / (Record no. 3020)
[ view plain ]
| 000 -LEADER | |
|---|---|
| fixed length control field | 01928cam a2200169 a 4500 |
| 020 ## - INTERNATIONAL STANDARD BOOK NUMBER | |
| ISBN | 0618113606 |
| 050 00 - CALL NUMBER | |
| Classification number | HD31 |
| Item number | .G763 |
| 100 1# - AUTHOR | |
| Personal name | Griffin, Ricky W. |
| 245 10 - TITLE | |
| Title | Management / |
| Statement of responsibility, etc | Ricky W. Griffin. |
| 250 ## - EDITION | |
| Edition statement | 7th ed. |
| 260 ## - PUBLICATION INFORMATION | |
| Place of publication | Boston : |
| Name of publisher | Houghton Mifflin Co., |
| Year of publication | 2002. |
| 300 ## - DESCRIPTION | |
| Number of Pages | xxxiv, 765 p. : |
| Other physical details | col. ill., col. map ; |
| Dimensions | 26 cm. + |
| 500 ## - NOTES | |
| General note | Includes index |
| 505 ## - FORMATTED CONTENTS NOTE | |
| Table of Content | Part One : An introduction to management --<br/>Chapter 1. Managing and the manager's job --<br/>Chapter 2. Traditional and contemporary issues and challenges --<br/><br/>Part Two : The environmental context of management --<br/>Chapter 3.The environment and culture of organizations --<br/>Chapter 4. The ethical and social environment --<br/>Chapter 5. The global environment --<br/>Chapter 6. The multicultural environment --<br/><br/>Part Three : Planning and decision making --<br/>Chapter 7. Basic elements of planning and decision making --<br/>Chapter 8. Managing strategy and strategic planning --<br/>Chapter 9. Managing decision making and problem solving --<br/>Chapter 10. Managing new venture formation and entrepreneurship --<br/><br/>Part Four : The organizing process --<br/>Chapter 11. Basic elements or organizing --<br/>Chapter 12. Managing organisation design --<br/>Chapter 13. Managing organization change and innovation --<br/>Chapter 14. Managing human resources in organizations --<br/><br/>Part Five : The leading process --<br/>Chapter 15. Basic elements of individual behavior in organizations --<br/>Chapter 16. Managing employee motivation and performance --<br/>Chapter 17. Managing leadership and influence process --<br/>Chapter 18. Managing interpersonal relations and communication --<br/>Chapter 19. Managing work groups and teams --<br/><br/>Part Six : The controlling process --<br/>Chapter 20. Basic elements of control --<br/>Chapter 21. Managing operations, quality, and productivity --<br/>Chapter 22. Managing information and information technology. |
| 650 #0 - SUBJECTS | |
| Topical Term | Management. |
| 942 ## - ADDED ENTRY ELEMENTS (KOHA) | |
| Koha item type | Books |
| Withdrawn status | Lost status | Collection code | Home library | Current library | Shelving location | Date acquired | Full call number | Accession Number | Koha item type |
|---|---|---|---|---|---|---|---|---|---|
| Reference | Methodist University Library Main | Methodist University Library Main | General Stacks | 02/01/2013 | HD31 .G763 | 29317 | Books | ||
| Reference | Methodist University Library Main | Methodist University Library Main | General Stacks | 02/01/2013 | HD31 .G763 | 36719 | Books |